| 000 | 00631nam a2200241 a 4500 | ||
|---|---|---|---|
| 999 |
_c10475 _d10475 |
||
| 001 | 10475 | ||
| 003 | BD-JhCC | ||
| 005 | 20180430125921.0 | ||
| 008 | 180430s1965 usa |||| |||| 000 0 eng d | ||
| 035 | _a(BD-JhCC)10475 | ||
| 040 |
_aBD-JhCC _dBD-JhCC |
||
| 041 | _aeng | ||
| 082 |
_a882.01 _bMIL 1965 |
||
| 100 | _aMilch, Robert J.; | ||
| 245 |
_aMedea and Electra : _bnotes / _cRobert J. Milch |
||
| 260 |
_aUSA : _bCliffs Notes, Inc. _c1965 |
||
| 300 |
_a69 p. : _c19 cm. |
||
| 504 | _aIncludes bibliography | ||
| 650 | _aElectra (Euripides) | ||
| 650 | _aGreek drama | ||
| 650 | _aMedea (Euripides) | ||
| 942 |
_2ddc _cBK |
||